Countries in the Dymaxion Map of the World - Statistics

General Stats
  • This quiz has been taken 285 times
  • The average score is 169 of 196
Answers on the Map
Answers color-coded by a green-red scale on the quiz's map according to % correct below.
 
Answer Stats
Country % Correct
Canada
95%
United States
95%
Australia
93%
Brazil
93%
Russia
93%
Argentina
92%
China
92%
India
92%
Mexico
92%
United Kingdom
92%
Chile
91%
Bolivia
90%
Colombia
90%
Dominican Republic
90%
France
90%
Japan
90%
Mongolia
90%
Norway
90%
Peru
90%
Spain
90%
Sweden
90%
Algeria
89%
Cuba
89%
Denmark
89%
Egypt
89%
Finland
89%
Germany
89%
Honduras
89%
Iceland
89%
Ireland
89%
Italy
89%
Morocco
89%
Panama
89%
Paraguay
89%
Poland
89%
Portugal
89%
Saudi Arabia
89%
South Africa
89%
Thailand
89%
Turkey
89%
Uruguay
89%
Venezuela
89%
Austria
88%
Belize
88%
Democratic Republic of the Congo
88%
Greece
88%
Guatemala
88%
Guyana
88%
Haiti
88%
Indonesia
88%
Iran
88%
Iraq
88%
Kazakhstan
88%
Netherlands
88%
New Zealand
88%
Niger
88%
Nigeria
88%
North Korea
88%
Pakistan
88%
Romania
88%
South Korea
88%
Suriname
88%
Vietnam
88%
Afghanistan
87%
Albania
87%
Armenia
87%
Bahamas
87%
Bangladesh
87%
Belarus
87%
Belgium
87%
Bulgaria
87%
Cambodia
87%
Central African Republic
87%
Chad
87%
Costa Rica
87%
Croatia
87%
Czech Republic
87%
Ecuador
87%
El Salvador
87%
Hungary
87%
Kenya
87%
Laos
87%
Latvia
87%
Libya
87%
Lithuania
87%
Madagascar
87%
Malaysia
87%
Mali
87%
Oman
87%
Papua New Guinea
87%
Philippines
87%
Republic of the Congo
87%
Switzerland
87%
Syria
87%
Ukraine
87%
Yemen
87%
Angola
86%
Azerbaijan
86%
Bhutan
86%
Bosnia and Herzegovina
86%
Botswana
86%
Cyprus
86%
Dominica
86%
Estonia
86%
Ethiopia
86%
Georgia
86%
Ghana
86%
Guinea
86%
Jordan
86%
Lesotho
86%
Monaco
86%
Montenegro
86%
Myanmar
86%
Nepal
86%
Nicaragua
86%
North Macedonia
86%
Serbia
86%
Slovakia
86%
Somalia
86%
Sri Lanka
86%
Sudan
86%
Tunisia
86%
United Arab Emirates
86%
Uzbekistan
86%
Andorra
85%
Israel
85%
Jamaica
85%
Kosovo
85%
Kuwait
85%
Kyrgyzstan
85%
Liechtenstein
85%
Moldova
85%
Qatar
85%
Slovenia
85%
South Sudan
85%
Tajikistan
85%
Togo
85%
Turkmenistan
85%
Uganda
85%
Zimbabwe
85%
Bahrain
84%
Benin
84%
Eritrea
84%
Ivory Coast
84%
Lebanon
84%
Liberia
84%
Luxembourg
84%
Mauritania
84%
Mozambique
84%
Namibia
84%
San Marino
84%
Solomon Islands
84%
Taiwan
84%
Tanzania
84%
Vatican City
84%
Zambia
84%
Barbados
83%
Burkina Faso
83%
Cameroon
83%
Eswatini
83%
Fiji
83%
Gabon
83%
Malawi
83%
Marshall Islands
83%
Rwanda
83%
Senegal
83%
Antigua and Barbuda
82%
Burundi
82%
Djibouti
82%
Equatorial Guinea
82%
Federated States of Micronesia
82%
Gambia
82%
Palau
82%
Saint Lucia
82%
Samoa
82%
Tonga
82%
Trinidad and Tobago
82%
Vanuatu
82%
Brunei
81%
Cape Verde
81%
East Timor
81%
Grenada
81%
Kiribati
81%
Malta
81%
Mauritius
81%
Saint Kitts and Nevis
81%
Singapore
81%
Comoros
80%
Guinea-Bissau
80%
Nauru
80%
Saint Vincent and the Grenadines
80%
São Tomé and Príncipe
80%
Seychelles
80%
Sierra Leone
80%
Tuvalu
80%
Maldives
79%
No matching quizzes found
Score Distribution
Percent of People with Each Score
Percentile by Number Answered
Your Score History
You have not taken this quiz